|
|
|
|
| LEADER |
01209naa#a2200385#ar4500 |
| 001 |
000090705 |
| 003 |
SVKKK |
| 005 |
20080804103827.0 |
| 008 |
080220s2007 xo #|0||||||||0|||b|eng |
| FMT |
|
|
|
| 015 |
|
|
|a SNBRA2008/04
|
| 038 |
|
|
|a SVKKK
|
| 040 |
|
|
|a SVKKK
|b slo
|e AACR2
|
| 041 |
0 |
|
|a eng
|b eng
|
| 044 |
|
|
|a xo
|c SK
|
| 080 |
|
|
|a 351.814.333
|2 1997
|
| 080 |
|
|
|a 351.814.31
|2 1997
|
| 100 |
1 |
|
|a Djokic, Jelena
|4 aut
|
| 242 |
1 |
0 |
|a Hodnotenie kolízneho rizika vo vzdušnom priestore s vysokou hustotou premávky
|
| 245 |
1 |
0 |
|a Assessing the collision risk in high density airspace - a quantitative model
|c Jelena Djokic, Mirko Kietzmann, Hartmut Fricke
|
| 300 |
|
|
|b Obr., tab.
|
| 504 |
|
|
|a Bibliogr. odkazy
|
| 546 |
|
|
|a Res. angl.
|
| 650 |
0 |
4 |
|a bezpečnosť leteckej dopravy
|x rizká kolízie
|
| 650 |
0 |
4 |
|a letecká navigácia
|x ľudský faktor
|
| 700 |
1 |
|
|a Kietzmann, Mirko
|4 aut
|
| 700 |
1 |
|
|a Fricke, Hartmut
|4 aut
|
| 773 |
0 |
|
|t MOSATT 2007 : modern safety technologies in transportation
|d Košice : Slovenská dopravná spoločnosť pri SAV, 2007
|g S. 56-61
|z 9788096976027
|
| 958 |
|
|
|a NB
|
| 974 |
|
|
|a Ni
|
| 992 |
|
|
|a RZB
|
| BAS |
|
|
|
| 852 |
|
|
|a SVKKK
|b BIB
|
| EXP |
|
|
|
| 998 |
|
|
|a SLO
|